<?xml version="1.0" encoding="UTF-8"?>
<record
    xmlns:xsi="http://www.w3.org/2001/XMLSchema-instance"
    xsi:schemaLocation="http://www.loc.gov/MARC21/slim http://www.loc.gov/standards/marcxml/schema/MARC21slim.xsd"
    xmlns="http://www.loc.gov/MARC21/slim">

  <leader>02157    a2200229   4500</leader>
  <controlfield tag="001">57122</controlfield>
  <controlfield tag="005">20260407155833.0</controlfield>
  <controlfield tag="008">260407a1994    arg                 spa d</controlfield>
  <controlfield tag="003">AR-UNSa-BCEJYS</controlfield>
  <datafield tag="040" ind1=" " ind2=" ">
    <subfield code="a">AR-UNSa-BCEJYS</subfield>
    <subfield code="b">spa</subfield>
    <subfield code="c">AR-UNSa-BCEJYS</subfield>
  </datafield>
  <datafield tag="080" ind1=" " ind2=" ">
    <subfield code="a">339.72.053.1</subfield>
    <subfield code="x">Deuda exterior. D&#xE9;ficit de la balanza de pagos</subfield>
  </datafield>
  <datafield tag="245" ind1="1" ind2="0">
    <subfield code="a">Deuda externa</subfield>
    <subfield code="p">an&#xE1;lisis jur&#xED;dico, los pr&#xE9;stamos sindicados</subfield>
  </datafield>
  <datafield tag="020" ind1=" " ind2=" ">
    <subfield code="a">950-14-0748-9</subfield>
  </datafield>
  <datafield tag="264" ind1=" " ind2="1">
    <subfield code="a">Buenos Aires :</subfield>
    <subfield code="b">Ediciones Depalma</subfield>
    <subfield code="c">1994</subfield>
  </datafield>
  <datafield tag="300" ind1=" " ind2=" ">
    <subfield code="a">183 p.</subfield>
    <subfield code="c">23 cm.</subfield>
  </datafield>
  <datafield tag="505" ind1=" " ind2=" ">
    <subfield code="a">Primera parte. La problem&#xE1;tica de la deuda externa y de los pr&#xE9;stamos sindicados: 1. Mercado internacional de capitales &#x2013; 2. Origen de los pr&#xE9;stamos sindicados &#x2013; 3. Crisis de la deuda externa &#x2013; 4. Reacomodamiento  del mercado internacional de capitales ante la crisis de la deuda externa &#x2013; 5. Planes de refinanciaci&#xF3;n &#x2013; 6. El Uruguay y la crisis de la deuda &#x2013; Segunda Parte. Delimitaci&#xF3;n del an&#xE1;lisis jur&#xED;dico de la deuda externa por pr&#xE9;stamos sindicados a un estado soberano. Cuestiones previas: 7. Definiciones &#x2013; 8. Conceptualizaci&#xF3;n del sustrato factico y la realidad jur&#xED;dica de los pr&#xE9;stamos sindicados &#x2013; Tercera Parte. Hacia una teor&#xED;a general del derecho aplicable a la contrataci&#xF3;n internacional. Referencia a los pr&#xE9;stamos sindicados: 9. Estudios de los diversos ordenes jur&#xED;dicos &#x2013; 10. La autonom&#xED;a de la voluntad y el derecho aplicable a los pr&#xE9;stamos sindicados &#x2013; 11. Conclusi&#xF3;n sobre el derecho aplicable a la realizaci&#xF3;n jur&#xED;dica  de los pr&#xE9;stamos sindicados &#x2013; Cuarta Parte. Los sujetos intervinientes en el pr&#xE9;stamo sindicado: 12. El sindicato de bancos &#x2013; 13. El estado como parte contractual &#x2013; Quinta Parte. El perfeccionamiento del contrato: 14. Formaci&#xF3;n de la voluntad de estado para obligarse en contratos que se rigen por el derecho privado &#x2013; 15. Particular referencia al derecho Uruguayo &#x2013; 16.Conclusion del contrato.</subfield>
  </datafield>
  <datafield tag="041" ind1=" " ind2=" ">
    <subfield code="a">spa</subfield>
  </datafield>
  <datafield tag="942" ind1=" " ind2=" ">
    <subfield code="c">BK</subfield>
  </datafield>
  <datafield tag="590" ind1=" " ind2=" ">
    <subfield code="a">niveau_biblio:m niveau_hierar:0</subfield>
  </datafield>
  <datafield tag="100" ind1="1" ind2=" ">
    <subfield code="a">L&#xF3;pez Goldaracena, Oscar A.</subfield>
  </datafield>
  <datafield tag="856" ind1="4" ind2="1">
    <subfield code="u">https://www.biblioeco.unsa.edu.ar/pmb/images/libros/L128699.jpg</subfield>
    <subfield code="y">Imagen de portada</subfield>
    <subfield code="q">image/jpeg</subfield>
  </datafield>
  <datafield tag="999" ind1=" " ind2=" ">
    <subfield code="c">6122</subfield>
    <subfield code="d">6122</subfield>
  </datafield>
  <datafield tag="952" ind1=" " ind2=" ">
    <subfield code="0">0</subfield>
    <subfield code="1">0</subfield>
    <subfield code="4">0</subfield>
    <subfield code="7">0</subfield>
    <subfield code="a">BCEJYS</subfield>
    <subfield code="b">BCEJYS</subfield>
    <subfield code="c">16</subfield>
    <subfield code="d">2026-04-07</subfield>
    <subfield code="l">0</subfield>
    <subfield code="o">339.72.053.1 L864</subfield>
    <subfield code="p">L128699</subfield>
    <subfield code="r">2026-04-07 15:58:34</subfield>
    <subfield code="w">2026-04-07</subfield>
    <subfield code="y">L</subfield>
  </datafield>
</record>
